Пропавшие без вести: роман; в двух книгах; в четырех частях
| Glavni avtor: | |
|---|---|
| Jezik: | ruščina |
| Izdano: |
Москва, Советский писатель, 1964-
|
| Izdaja: | Издание перераб. |
| Format: | Knjiga |
| KOHA link: | https://koha.lib.tpu.ru/cgi-bin/koha/opac-detail.pl?biblionumber=74314 |
MARC
| LEADER | 00000nam0a2200000 4500 | ||
|---|---|---|---|
| 001 | 74314 | ||
| 005 | 20231031085155.0 | ||
| 035 | |a (RuTPU)RU\TPU\book\79253 | ||
| 090 | |a 74314 | ||
| 100 | |a 20050302d m y0rusy50 ca | ||
| 101 | 0 | |a rus | |
| 102 | |a RU | ||
| 105 | |a a z 001zy | ||
| 200 | 1 | |a Пропавшие без вести |e роман |e в двух книгах |e в четырех частях |f С. П. Злобин | |
| 205 | |a Издание перераб. | ||
| 210 | |a Москва |c Советский писатель |d 1964- | ||
| 675 | |a Р2 |v 3 | ||
| 700 | 1 | |a Злобин |b С. П. |g Степан Павлович | |
| 801 | 1 | |a RU |b 63413507 |c 20050302 |g PSBO | |
| 942 | |c BK | ||